Liber tabullarum et currentalium conventus Galgocziensis Fratrum minorum Provinciae ss. Salvatoris

Prípisy provinciálov, generálnych predstavených, tabuľky z kongregácií, zoznamy členov rehole v jednotlivých konventoch františkánskej Salvatoriánskej uhorskej provincie

Bibliographic Details
Format: Manuscript Book
Language:Latin
PhysicalDescription:736 nečíslovaných strán rukopis, viazaný 35 cm
Published: [Hlohovec] 1762-1791
Subjects:

MARC

LEADER 00000ntmaa2200000 a 4500
001 vtls011572617
003 SK-MaSNL
005 20260301092615.0
008 230802i1762 xo || 000 0 lat
035 |a urn:nbn:sk:snk-tm00ciac 
035 |a urn:nbn:sk:snk-tm3n2ky 
035 |a 08D6D072-6A41-4A60-AB90-A9351703C8AC 
040 |a SNKLA  |b slo  |c SNKLA  |e AACR2 
041 0 |a lat 
044 |a xo  |c SK 
072 7 |a 27-78  |x Kresťanské združenia, spolky a organizácie. Rehoľné rády  |2 konspekt 
080 |a 27-789.32  |2 2011 
080 |a (0.02/.08:27-72)  |2 2011 
080 |a 025.171  |2 2011 
245 0 0 |a Liber tabullarum et currentalium conventus Galgocziensis Fratrum minorum Provinciae ss. Salvatoris 
260 |a [Hlohovec]  |c 1762-1791 
300 |a 736 nečíslovaných strán  |b rukopis, viazaný  |c 35 cm 
520 2 |a Prípisy provinciálov, generálnych predstavených, tabuľky z kongregácií, zoznamy členov rehole v jednotlivých konventoch františkánskej Salvatoriánskej uhorskej provincie 
555 0 |a Inventár rukopisov Archívu literatúry a umenia Matice slovenskej. Rukopisy historických knižníc na Slovensku I. Martin: Matica slovenská 1992 
610 2 7 |a Františkáni (Hlohovec, Slovensko)  |b Salvatoriánska provincia  |2 SNKLA  |9 341936 
610 2 7 |a Františkáni  |2 SNKKA  |9 174796 
655 7 |a cirkevné dokumenty  |2 SNKPH  |9 179657 
655 7 |a rukopisy  |2 SNKPH  |9 70548 
852 |a Slovenská národná knižnica  |b Literárny archív 
958 |a ZH 
958 |a LAVD 
999 |c 674530  |d 676460 
952 |a SNKLA  |b SNKLA  |c SNKLA_DEP  |y NEVYP  |7 0  |p 17A1191423  |o snkRHKS 213  |0 0  |1 0  |4 0  |d 2016-08-11  |f 1  |l 0  |r 2026-02-23 19:38:03  |w 2026-02-23